ڿϢ |
| 索取号 |
J29-2/1
|
| 题名 |
йֱ̡鷨Ѯ
|
| 作者 |
༭
|
| 分册号 |
|
| 分册名 |
|
| 出版地 |
|
| 出版者 |
йֱ鷨־
|
| 标准刊号 |
1007-2942
|
| 出版频率 |
¿
|
| 中图法分类 |
J29-2
|
| 主题词 |
|
| 电子资源 | |
| |
|
| 000 | 01343nas0 2200361 450 | |
| 001 | 112004040776 | |
| 005 | 20060526090248.06 | |
| 011 | @a1007-2942@dCNY10.00 | |
| 091 | @a33-1036 | |
| 092 | @aCN@b32-93 | |
| 100 | @a20041125a20039999am y0chiy50 ea | |
| 101 | 0 | @achi |
| 102 | @aCN@b330000 | |
| 110 | @aafaz 0yy0 | |
| 200 | 1 | @aйֱ̡鷨Ѯ@AZhong Guo Zhuan KeGang Bi Shu FaZhong Xun Kan@9zhong guo gang bi shu fa@f༭@FBen Kan Bian Ji Bu@bڿ |
| 207 | 0 | @a2006 |
| 210 | @a@b㽭ʡʡԺ2¥(ʱ310025)@cйֱ鷨־@d[2003]- | |
| 215 | @d26cm | |
| 300 | @a2004,no.1/2=4¼ | |
| 300 | @aΪйֱ鷨ѿ | |
| 311 | @aйֱ鷨 | |
| 326 | @a¿ | |
| 327 | 0 | @aָ@a@a@aд@aȤζ@aͥ鷨@aϹ@aɳ¼@aѿ@a֪ʶ |
| 345 | @a༭ַ:㽭ʡʡԺ2¥(ʱ310025);Tel.;(0571)87053236,85215114;Fax.:(0571)87053228;E-mail:ffj657@163.com | |
| 437 | 1 | @12001 @aйֱ鷨 |
| 515 | 1 | @aѿ@9Lu ya |
| 610 | 0 | @a鷨 |
| 690 | @aJ29-2@v4 | |
| 701 | 0 | @a@9fang fa jun@4 |
| 711 | 02 | @a㽭ʡί@9gong qing tuan zhe jiang sheng wei@4 |
| 711 | 0 | @a༭@ABen Kan Bian Ji Bu |
| 801 | 0 | @aCN@bNISOFT@c20060526@dmyy@ema@f20050117@gISBD(S) |
| 905 | @dJ29-2@e1 | |
| йֱ̡鷨Ѯ/༭[ڿ].-2006.-(㽭ʡʡԺ2¥(ʱ310025))йֱ鷨־磬[2003]- |
| 26cm |
| 2004,no.1/2=4¼.-Ϊйֱ鷨ѿ.-༭ַ:㽭ʡʡԺ2¥(ʱ310025);Tel.;(0571)87053236,85215114;Fax.:(0571)87053228;E-mail:ffj657@163.com!Tַ*.-ԣ |
| ݣָ£ꣻдȤζ֣ͥ鷨㣻Ϲɳ¼ѿݣ֪ʶ |
| ISSN 1007-2942CNY10.00 |
| ● |
| 相关链接: |
|
|
|